| 000 | 00531nam a2200169Ia 4500 | ||
|---|---|---|---|
| 003 | GCL | ||
| 008 | 140319s9999 xx 000 0 ara d | ||
| 040 |
_aGCL / _cGCL |
||
| 082 | 0 | 4 |
_a001.9 _bط ب |
| 100 | 1 | _aطالب ناهى الخفاجى | |
| 245 | 1 | 0 |
_aالبحث عن حقيقة الاطباق الطائرة / _cطالب ناهى الخفاجى |
| 260 |
_a[S.N] : _bالدار العربية للموسوعات ، _c1987 |
||
| 300 | _a149 ص | ||
| 490 | _a | ||
| 650 | 0 | 4 | _aالاطباق الطائرة |
| 942 |
_2ddc _cBK |
||
| 999 |
_c58983 _d58983 |
||